000
00307nam a22001337a 4500
008
180807b xxu||||| |||| 00| 0 eng d
082
_a
813.52
245
_a
Medical transcription interactive
_c
GREEN. D
260
_c
2000
300
_a
1
_f
CD
440
_x
0130179655
760
_b
2 nd
942
_2
ddc
_c
MX
999
_c
46885
_d
46885